000
00201 a2200109 4500
020
_a
9780439869768
041
_a
spa
100
_a
Korman, Gordon
245
_a
El Everest
942
_c
BK
999
_c
8225
_d
8225
999
_d
8225